Click Cuts of Beef - Statistics

General Stats
  • This quiz has been taken 180 times
  • The average score is 7 of 12
Answers on the Map
Answers color-coded by a green-red scale on the quiz's map according to % correct below.
 
Answer Stats
Answer % Correct
Rib
76%
Tenderloin
60%
Bottom sirloin
58%
Chuck
58%
Shank
58%
Round
55%
Flank
51%
Sirloin
51%
Top sirloin
49%
Brisket
48%
Plate
48%
Short loin
45%
No matching quizzes found
Score Distribution
Percent of People with Each Score
Percentile by Number Answered
Your Score History
You have not taken this quiz